Les 10 clubs de football les plus riches du monde en 2022 - Statistiques

Statistiques générales
  • Ce quiz a été pris 1 247 fois
  • Le résultat moyen est 9 sur 10
Statistiques - réponses
Hint Réponse % Correct
7 Paris Saint-Germain 540,6 millions d’euros
98%
2 Real Madrid – 714,9 millions d’euros
95%
6 Manchester City – 549,2 millions d’euros
94%
1 Fc Barcelone – 715 millions d’euros
93%
4 Manchester United – 580,4 millions d’euros
92%
3 Bayern Munich – 634,1 millions d’euros
88%
8 Chelsea – 445,7 millions d’euros
86%
5 Liverpool – 558,6 millions d’euros
84%
10 Juventus – 397,9 millions d’euros
79%
9 Tottenham Hotspur – 445,7 millions d’euros
51%
Aucun quiz correspondant
Distribution des résultats
% des personnes avec chaque résultat
Percentile par nombre de réponses
Votre historique - résultats
Vous n’avez pas pris ce quiz